00234nam a2200097Ia 4500001000800000005001700008008004100025020001800066245003400084260001800118127843220260417163049.0260417s9999 xx 000 0 und d a9786255726063 0aSherlock Holmes 16 - Son Vaka bDokuz Çocuk